Odas de Pindaro

Guardat en:
Dades bibliogràfiques
Autor principal: Pindaro (Autor)
Format: Llibre
Idioma:espanyol
Publicat: Madrid Luis Navarro 1883
Col·lecció:Biblioteca clásica, 57
Matèries:
Etiquetes: Afegir etiqueta
Sense etiquetes, Sigues el primer a etiquetar aquest registre!

MARC

LEADER 00000nam a2200000 a 4500
001 UCV8714
003 CL-VaPUC
008 911122e18830000SP |||||||||||||||||spa|d
082 0 4 |a 881  |b PIN  |2 21 
100 0 |a Pindaro  |e author  |9 302740 
245 1 0 |a Odas de Pindaro 
300 |a 366 p 
942 |c BK 
945 |d 19911122 00:00:00 
260 |a Madrid  |b Luis Navarro  |c 1883 
650 0 |a Poesía griega  |9 265627 
583 |a last modification  |c 19911122 00:00:00  |k Rodrigo Vera 
490 0 |a Biblioteca clásica, 57 
999 |c 214191  |d 214189 
952 |0 0  |1 0  |4 0  |6 881_000000000000000_PIN_1883  |7 0  |8 P  |9 197341  |a BIBARQ  |b BIBARQ  |d 2019-11-14  |i 2650096  |o 881 PIN 1883  |p 2650096  |r 2025-01-20  |w 2019-11-14  |y BK  |k ARQ